Yukon Territory; (Record no. 29209)

MARC details
000 -LEADER
fixed length control field 00883cam a22002651 4500
001 - CONTROL NUMBER
control field gs 58000034
003 - CONTROL NUMBER IDENTIFIER
control field DLC
005 - DATE AND TIME OF LATEST TRANSACTION
control field 20260227111406.0
008 - FIXED-LENGTH DATA ELEMENTS--GENERAL INFORMATION
fixed length control field 760614s1957 xx 000 0 eng c
010 ## - LIBRARY OF CONGRESS CONTROL NUMBER
LC control number gs 58000034
035 ## - SYSTEM CONTROL NUMBER
System control number (OCoLC)2226921
040 ## - CATALOGING SOURCE
Original cataloging agency U.S. Geol. Survey Libr.
Transcribing agency ScCC
Modifying agency DLC
050 00 - LIBRARY OF CONGRESS CALL NUMBER
Classification number QE185
Item number .A2 no. 284
051 ## - LIBRARY OF CONGRESS COPY, ISSUE, OFFPRINT STATEMENT
Classification number QE196.Y8
Item number B6
082 ## - DEWEY DECIMAL CLASSIFICATION NUMBER
Classification number 557.1
100 1# - MAIN ENTRY--PERSONAL NAME
Personal name Bostock, H. S.
Fuller form of name (Hugh Samuel),
Dates associated with a name 1901-
Relator term comp.
245 10 - TITLE STATEMENT
Title Yukon Territory;
Remainder of title selected field reports of the Geological Survey of Canada, 1898 to 1933.
260 ## - PUBLICATION, DISTRIBUTION, ETC.
Place of publication, distribution, etc. Ottawa,
Name of publisher, distributor, etc. E. Cloutier, Queen's Printer,
Date of publication, distribution, etc. 1957.
300 ## - PHYSICAL DESCRIPTION
Extent 650 p.
Other physical details maps (3 fold. col. in pocket) tables.
Dimensions 25 cm.
410 20 - SERIES STATEMENT/ADDED ENTRY--CORPORATE NAME [OBSOLETE, CAN/MARC], [LOCAL, USA]
Corporate name or jurisdiction name as entry element Geological Survey of Canada.
Title of a work Memoir
Volume number/sequential designation 284
504 ## - BIBLIOGRAPHY, ETC. NOTE
Bibliography, etc. note Bibliographical footnotes.
650 #0 - SUBJECT ADDED ENTRY--TOPICAL TERM
Topical term or geographic name entry element Geology
Geographic subdivision Yukon.
651 #0 - SUBJECT ADDED ENTRY--GEOGRAPHIC NAME
Geographic name Yukon.
650 #0 - SUBJECT ADDED ENTRY--TOPICAL TERM
Topical term or geographic name entry element Mines and mineral resources
Geographic subdivision Yukon.

No items available.

Powered by Koha